Loading...
| Science - Other | 0 | 4 | 0 | 1 | 40 | 60 | 88.50 | 0 | 2 | 9.36 | 21.59 |
| Philosophy | 0 | 2 | 0 | 1 | 20 | 111 | 112.00 | 0 | 0 | 1.00 | 5.68 |
| Popular Culture | 0 | 2 | 0 | 0 | 20 | 59 | 80.00 | 0 | 0 | 42.34 | 43.75 |
| Science - Biology | 0 | 2 | 0 | 2 | 20 | 112 | 113.00 | 0 | 0 | 0.24 | 3.41 |
| History - European | 0 | 2 | 0 | 0 | 20 | 70 | 95.00 | 0 | 2 | 4.68 | 10.23 |
| Social Science | 0 | 1 | 0 | 0 | 10 | 90 | 90.00 | 0 | 0 | 0.91 | 2.27 |
| Mythology | 0 | 1 | 0 | 1 | 10 | 125 | 125.00 | 0 | 0 | 0.00 | 1.14 |
| History - American | 0 | 1 | 1 | 0 | 5 | 66 | 66.00 | 0 | 0 | 3.69 | 3.41 |
| Literature - World | 0 | 0 | 0 | 0 | 0 | 0.00 | 0 | 0 | 0.00 | 0.00 | |
| Religion | 0 | 0 | 2 | 0 | -10 | 0.00 | 0 | 0 | 0.00 | 0.00 | |
| History - World | 0 | 0 | 2 | 0 | -10 | 0.00 | 0 | 0 | 0.00 | 0.00 |